| 000 | 00580nam a2200181 a 4500 | ||
|---|---|---|---|
| 001 | 000017349 | ||
| 005 | 20240412074247.0 | ||
| 008 | 100323s1911 dr r 000 0 spa d | ||
| 040 |
_aDO-SdBNP _bspa _cBNPHU |
||
| 082 |
_aRD861.42 _bJ61d |
||
| 100 | 1 |
_aJiménez, José María _938008 |
|
| 245 | 1 | 0 |
_aDe la vieja lira / _cJosé María Jiménez. |
| 260 |
_aSantiago de los Caballeros, República Dominicana: _fUlises Franco Bidó, _c1911. |
||
| 300 |
_a76 p. ; _c22 cm. |
||
| 590 | _aInventariado, 2018/BT | ||
| 650 | 0 |
_aPoesía dominicana _966 |
|
| 650 | 0 |
_aLiteratura dominicana. _967 |
|
| 999 |
_c16874 _d16874 |
||